Meilleurs Buteurs du PSG en Ligue des Champions 2024-2025 - Statistiques

Statistiques générales
  • Ce quiz a été pris 105 fois
  • Le résultat moyen est 11 sur 13
Statistiques - réponses
Nombre de Buts Joueurs % Correct
8 Ousmane Dembélé
100%
5 Désiré Doué
99%
4 Achraf Hakimi
95%
4 Nuno Mendes
95%
3 Bradley Barcola
94%
2 Vitinha
93%
1 Fabian Ruiz
90%
1 Joao Neves
88%
3 Gonçalo Ramos
87%
2 Senny Mayulu
83%
1 Warren Zaïre-Emery
75%
3 Kvaratskhelia
67%
3 Marco Asensio
24%
Aucun quiz correspondant
Distribution des résultats
% des personnes avec chaque résultat
Percentile par nombre de réponses
Votre historique - résultats
Vous n’avez pas pris ce quiz